[Event "Olympiad-29"]
[Site "Novi Sad"]
[Date "1990.11.29"]
[Round "11"]
[White "Khan, Mohd Omer"]
[Black "Pritchett, Craig William"]
[Result "0-1"]
[WhiteElo "2300"]
[BlackElo "2355"]
[PlyCount "58"]
[EventDate "1990.11.17"]
[EventType "team-swiss"]
[EventRounds "14"]
[EventCountry "YUG"]
[SourceTitle "EXT 2019"]
[Source "ChessBase"]
[SourceDate "2018.10.10"]
[SourceVersion "1"]
[SourceVersionDate "2018.10.10"]
[SourceQuality "1"]
[WhiteTeam "Pakistan"]
[BlackTeam "Scotland"]
[WhiteTeamCountry "PAK"]
[BlackTeamCountry "SCO"]

1. d4 Nf6 2. Nf3 e6 3. c4 Bb4+ 4. Bd2 Qe7 5. g3 Nc6 6. Bg2 Bxd2+ 7. Qxd2 Ne4 8. Qc2 Qb4+ 9. Nc3 Nxc3 10. Qxc3 Qxc3+ 11. bxc3 Na5 12. Nd2 Rb8 13. 0-0 b6 14. Rfb1 Ba6 15. Rb4 Ke7 16. e3 Rhc8 17. Nb3 Nxc4 18. Ra4 Bb5 19. Rxa7 Nd6 20. a4 Bc4 21. Nd2 c6 22. e4 Bd3 23. e5 Nc4 24. Nxc4 Bxc4 25. Be4 Ra8 26. Rb7 b5 27. a5 Ra6 28. h4 Rca8 29. Bxh7 Kd8 0-1

[Event "Olympiad-29"]
[Site "Novi Sad"]
[Date "1990.11.26"]
[Round "9"]
[White "Maynard, Francis"]
[Black "Khan, Mohd Omer"]
[Result "0-1"]
[WhiteElo "2320"]
[BlackElo "2300"]
[PlyCount "96"]
[EventDate "1990.11.17"]
[EventType "team-swiss"]
[EventRounds "14"]
[EventCountry "YUG"]
[SourceTitle "EXT 2019"]
[Source "ChessBase"]
[SourceDate "2018.10.10"]
[SourceVersion "1"]
[SourceVersionDate "2018.10.10"]
[SourceQuality "1"]
[WhiteTeam "Costa Rica"]
[BlackTeam "Pakistan"]
[WhiteTeamCountry "CRI"]
[BlackTeamCountry "PAK"]

1. c4 e5 2. Nc3 Nf6 3. Nf3 Nc6 4. e3 Bb4 5. Nd5 e4 6. Ng1 0-0 7. Qc2 Re8 8. Ne2 Bf8 9. a3 Ne5 10. Ng3 Nxd5 11. cxd5 Ng4 12. Be2 Nf6 13. 0-0 c6 14. dxc6 dxc6 15. d3 exd3 16. Bxd3 g6 17. Bd2 Bd6 18. Be2 h5 19. Rfd1 Qe7 20. Qc4 Bg4 21. Bc3 Bxe2 22. Qxe2 Ng4 23. Nf1 Rad8 24. Rd2 Nf6 25. Rd3 Nd5 26. Qc2 Nxc3 27. Rxc3 Be5 28. Rc4 Rd5 29. Re1 Red8 30. a4 Kg7 31. b4 b5 32. axb5 cxb5 33. Rc5 Rxc5 34. bxc5 b4 35. e4 Bc3 36. Rd1 Rxd1 37. Qxd1 Qxc5 38. Ne3 Bd4 39. Nd5 Bxf2+ 40. Kf1 Bd4 41. Qd2 Qc4+ 42. Ke1 Bc3 43. Nxc3 Qxc3 44. Qxc3+ bxc3 45. e5 g5 46. Kd1 Kg6 47. Kc2 Kf5 48. Kxc3 Kxe5 0-1

[Event "Olympiad-29"]
[Site "Novi Sad"]
[Date "1990.11.23"]
[Round "6"]
[White "Khan, Mohd Omer"]
[Black "Gausel, Einar"]
[Result "0-1"]
[WhiteElo "2300"]
[BlackElo "2460"]
[PlyCount "100"]
[EventDate "1990.11.17"]
[EventType "team-swiss"]
[EventRounds "14"]
[EventCountry "YUG"]
[SourceTitle "EXT 2019"]
[Source "ChessBase"]
[SourceDate "2018.10.10"]
[SourceVersion "1"]
[SourceVersionDate "2018.10.10"]
[SourceQuality "1"]
[WhiteTeam "Pakistan"]
[BlackTeam "Norway"]
[WhiteTeamCountry "PAK"]
[BlackTeamCountry "NOR"]

1. d4 f5 2. Bg5 c6 3. e3 Qb6 4. b3 d5 5. Bd3 e6 6. g4 Bd6 7. gxf5 exf5 8. c3 Be6 9. Nh3 Qc7 10. Nd2 Qf7 11. Bf4 Bxf4 12. Nxf4 Nd7 13. Rg1 g6 14. Nf3 Qf6 15. b4 Ne7 16. a4 Bf7 17. a5 h6 18. Be2 g5 19. Nd3 Ng6 20. h3 a6 21. Qd2 Be6 22. Nh2 h5 23. 0-0-0 0-0-0 24. f4 g4 25. Ne5 Ngxe5 26. dxe5 Qh4 27. Bf1 Kb8 28. Bg2 Qe7 29. c4 Nf8 30. c5 Ng6 31. Bf1 Rdg8 32. Bd3 Nh4 33. Qf2 Bc8 34. Rg3 Ng6 35. Rgg1 Ka7 36. Rg2 gxh3 37. Rgg1 Nxe5 38. fxe5 Qxe5 39. Kc2 h4 40. Nf3 Qf6 41. Rxg8 Rxg8 42. Rg1 Rg4 43. Kb3 Qg7 44. Rb1 f4 45. Rg1 Rxg1 46. Nxg1 fxe3 47. Qf1 Qg2 48. Qf8 h2 49. Ne2 h1Q 50. Qxc8 Qd1+ 0-1

[Event "Olympiad-28"]
[Site "Thessaloniki"]
[Date "1988.11.26"]
[Round "12"]
[White "Rittiphunyawong, Anothai"]
[Black "Khan, Mohd Omer"]
[Result "0-1"]
[WhiteElo "2305"]
[BlackElo "2375"]
[PlyCount "74"]
[EventDate "1988.11.13"]
[EventType "team-swiss"]
[EventRounds "14"]
[EventCountry "GRE"]
[SourceTitle "TD"]
[Source "ChessBase"]
[SourceDate "1994.03.01"]
[SourceVersion "1"]
[SourceVersionDate "1994.03.01"]
[SourceQuality "1"]
[WhiteTeam "Thailand"]
[BlackTeam "Pakistan"]
[WhiteTeamCountry "THA"]
[BlackTeamCountry "PAK"]

1. e4 e5 2. Nf3 Nc6 3. Bb5 a6 4. Ba4 Nf6 5. d4 exd4 6. 0-0 Be7 7. Re1 b5 8. Bb3 d6 9. Bd5 Nxd5 10. exd5 Ne5 11. Nxd4 Bd7 12. Nc3 0-0 13. h3 Qb8 14. f4 Ng6 15. Be3 Qb7 16. Qh5 b4 17. Ne4 f5 18. Ng5 Bxg5 19. Qxg5 Qxd5 20. h4 Rf6 21. Bf2 c5 22. Nf3 Bc6 23. h5 Qf7 24. Nh4 Nf8 25. h6 Be4 26. hxg7 Ng6 27. c3 bxc3 28. bxc3 Nxh4 29. Qxh4 Rg6 30. Bg3 Qxg7 31. Re3 Kh8 32. Kf2 Rg8 33. Rh1 d5 34. Rh3 d4 35. cxd4 cxd4 36. Re1 Rg4 37. Qh5 Rxg3 0-1

[Event "Olympiad-28"]
[Site "Thessaloniki"]
[Date "1988.11.16"]
[Round "4"]
[White "Barua, Dibyendu"]
[Black "Khan, Mohd Omer"]
[Result "1-0"]
[WhiteElo "2475"]
[BlackElo "2375"]
[PlyCount "74"]
[EventDate "1988.11.13"]
[EventType "team-swiss"]
[EventRounds "14"]
[EventCountry "GRE"]
[SourceTitle "TD"]
[Source "ChessBase"]
[SourceDate "1994.03.01"]
[SourceVersion "1"]
[SourceVersionDate "1994.03.01"]
[SourceQuality "1"]
[WhiteTeam "India"]
[BlackTeam "Pakistan"]
[WhiteTeamCountry "IND"]
[BlackTeamCountry "PAK"]

1. e4 e5 2. Nf3 Nc6 3. Bc4 Nf6 4. d3 Be7 5. 0-0 0-0 6. Re1 d6 7. c3 Na5 8. Bb5 a6 9. Ba4 b5 10. Bc2 c5 11. Nbd2 Nc6 12. Nf1 h6 13. Ne3 d5 14. exd5 Nxd5 15. Nxd5 Qxd5 16. d4 cxd4 17. Be4 Qd6 18. Nxe5 Nxe5 19. Bxa8 Ng4 20. g3 d3 21. Bf3 Ne5 22. Bf4 Nxf3+ 23. Qxf3 Qd7 24. Rad1 Rd8 25. Qe4 Bc5 26. Qe5 Bb6 27. Be3 Re8 28. Qh5 Bb7 29. Bxb6 Rxe1+ 30. Rxe1 d2 31. Rd1 Qc6 32. f3 Qxb6+ 33. Kf1 Qe3 34. Qf5 g5 35. Qf6 Qd3+ 36. Kf2 Bd5 37. b3 Kh7 1-0

[Event "Asia-chT fin 07th"]
[Site "Singapore"]
[Date "1987.08.09"]
[Round "5"]
[White "Lin, Ta"]
[Black "Khan, Mohd Omer"]
[Result "1-0"]
[WhiteElo "2350"]
[BlackElo "2350"]
[PlyCount "101"]
[EventDate "1987.08.05"]
[EventType "team"]
[EventRounds "9"]
[EventCountry "SIN"]
[SourceTitle "EXT 1997"]
[Source "ChessBase"]
[SourceDate "1996.11.15"]
[SourceVersion "1"]
[SourceVersionDate "1996.11.15"]
[SourceQuality "1"]
[WhiteTeam "China"]
[BlackTeam "Pakistan"]
[WhiteTeamCountry "CHN"]
[BlackTeamCountry "PAK"]

1. d4 Nf6 2. c4 e6 3. Nf3 c5 4. d5 exd5 5. cxd5 g6 6. Nc3 d6 7. e4 Bg7 8. Be2 0-0 9. Nd2 a6 10. a4 Re8 11. 0-0 Nbd7 12. f4 Qc7 13. Kh1 Rb8 14. Qc2 h5 15. Rb1 Ng4 16. Nf3 c4 17. h3 Ngf6 18. Ng5 b5 19. axb5 axb5 20. b4 cxb3 21. Qxb3 Nc5 22. Qb4 Bd7 23. e5 Na4 24. Rb3 Nh7 25. Nxf7 Kxf7 26. e6+ Kg8 27. exd7 Qxd7 28. Bxb5 Bxc3 29. Qxa4 Qb7 30. Bxe8 Qxb3 31. Qe4 Kh8 32. Bxg6 Nf6 33. Qf3 Bd4 34. Bxh5 Qxf3 35. Bxf3 Rb1 36. Rd1 Nxd5 37. Bxd5 Be3 38. Be4 Rxc1 39. Rxc1 Bxc1 40. g3 Kg7 41. Kg2 Kf6 42. Kf3 Ke6 43. g4 Bb2 44. g5 Kf7 45. Bd5+ Kg6 46. Kg4 Kh7 47. h4 Bc3 48. h5 Bb2 49. h6 Bc3 50. Kh5 Kh8 51. g6 1-0

[Event "Asia-chT fin 07th"]
[Site "Singapore"]
[Date "1987.08.07"]
[Round "3"]
[White "Khan, Mohd Omer"]
[Black "Ravi, Lanka"]
[Result "1-0"]
[WhiteElo "2350"]
[BlackElo "2325"]
[PlyCount "73"]
[EventDate "1987.08.05"]
[EventType "team"]
[EventRounds "9"]
[EventCountry "SIN"]
[SourceTitle "EXT 1997"]
[Source "ChessBase"]
[SourceDate "1996.11.15"]
[SourceVersion "1"]
[SourceVersionDate "1996.11.15"]
[SourceQuality "1"]
[WhiteTeam "Pakistan"]
[BlackTeam "India"]
[WhiteTeamCountry "PAK"]
[BlackTeamCountry "IND"]

1. e4 e6 2. d4 d5 3. Nc3 Bb4 4. e5 c5 5. a3 Bxc3+ 6. bxc3 Ne7 7. Qg4 Qc7 8. Bd2 0-0 9. Bd3 f5 10. exf6 Rxf6 11. Nf3 Nbc6 12. Qh5 g6 13. Qh4 Rf7 14. Qg3 Qb6 15. h4 c4 16. Be2 Nf5 17. Qh2 Qc7 18. h5 Qxh2 19. Rxh2 gxh5 20. Rxh5 Rg7 21. g3 Bd7 22. 0-0-0 Be8 23. Rh2 Bg6 24. Bf4 Rd7 25. Rdh1 Re8 26. Ne5 Nxe5 27. Bxe5 Ne7 28. Rh6 Rf8 29. f4 Nf5 30. R6h3 Nd6 31. g4 Ne4 32. R1h2 h5 33. Rf3 a5 34. Kb2 Ng5 35. Rg3 Ne4 36. Rf3 Nd2 37. Re3 1-0

[Event "Asia-chT fin 07th"]
[Site "Singapore"]
[Date "1987.08.06"]
[Round "2"]
[White "Hasan, Younus"]
[Black "Khan, Mohd Omer"]
[Result "1/2-1/2"]
[WhiteElo "2280"]
[BlackElo "2350"]
[PlyCount "69"]
[EventDate "1987.08.05"]
[EventType "team"]
[EventRounds "9"]
[EventCountry "SIN"]
[SourceTitle "EXT 1997"]
[Source "ChessBase"]
[SourceDate "1996.11.15"]
[SourceVersion "1"]
[SourceVersionDate "1996.11.15"]
[SourceQuality "1"]
[WhiteTeam "Bangladesh"]
[BlackTeam "Pakistan"]
[WhiteTeamCountry "BAN"]
[BlackTeamCountry "PAK"]

1. e4 e5 2. Nf3 Nc6 3. Bb5 a6 4. Ba4 Nf6 5. 0-0 b5 6. Bb3 Bb7 7. Re1 Bc5 8. c3 Qe7 9. d4 Bb6 10. Nbd2 0-0-0 11. Nf1 Rhe8 12. Ne3 d6 13. Nd5 Nxd5 14. Bxd5 f6 15. a4 Kb8 16. axb5 axb5 17. Qb3 Qd7 18. dxe5 Nxe5 19. Nxe5 dxe5 20. Bxb7 Kxb7 21. Be3 Bxe3 22. Rxe3 Qc6 23. h3 Ra8 24. Rd1 Red8 25. Ree1 Qc4 26. Qxc4 bxc4 27. Kf1 Rxd1 28. Rxd1 Ra2 29. Rb1 Kc6 30. Ke2 g6 31. Kd2 Ra8 32. Kc2 f5 33. Re1 fxe4 34. Rxe4 Kd5 35. f3 1/2-1/2

[Event "Asia-chT fin 07th"]
[Site "Singapore"]
[Date "1987.08.05"]
[Round "1"]
[White "Khan, Mohd Omer"]
[Black "Abdullah, Mansoor"]
[Result "1/2-1/2"]
[WhiteElo "2350"]
[BlackElo "2205"]
[PlyCount "77"]
[EventDate "1987.08.05"]
[EventType "team"]
[EventRounds "9"]
[EventCountry "SIN"]
[SourceTitle "EXT 1997"]
[Source "ChessBase"]
[SourceDate "1996.11.15"]
[SourceVersion "1"]
[SourceVersionDate "1996.11.15"]
[SourceQuality "1"]
[WhiteTeam "Pakistan"]
[BlackTeam "United Arab Emirates"]
[WhiteTeamCountry "PAK"]
[BlackTeamCountry "UAE"]

1. e4 c6 2. d4 d5 3. exd5 cxd5 4. c4 Nf6 5. Nc3 g6 6. Qb3 Bg7 7. Bg5 dxc4 8. Bxc4 0-0 9. Nf3 Nc6 10. Ne5 Nxd4 11. Bxf7+ Kh8 12. Qa4 b5 13. Nxb5 Ne4 14. Be3 Nxb5 15. Qxe4 Bf5 16. Nxg6+ Bxg6 17. Bxg6 Qa5+ 18. Kf1 hxg6 19. h4 Nd6 20. Qxg6 Qf5 21. Qxf5 Nxf5 22. Rh3 Bxb2 23. Rd1 Nxe3+ 24. Rxe3 Bf6 25. g4 Bxh4 26. Rh3 Rxf2+ 27. Kg1 Rxa2 28. Rxh4+ Kg7 29. Re1 Re8 30. Rh2 Ra4 31. Rg2 e5 32. Kh2 Kg6 33. Ree2 Re7 34. Ra2 Rf4 35. g5 e4 36. Ra6+ Kg7 37. Kg3 Rf1 38. Rga2 Rff7 39. g6 1/2-1/2

[Event "Asia-chT fin 06th"]
[Site "Dubai"]
[Date "1986.??.??"]
[Round "3"]
[White "Khan, Mohd Omer"]
[Black "Beitar, Hanni"]
[Result "1/2-1/2"]
[WhiteElo "2375"]
[BlackElo "2325"]
[PlyCount "169"]
[EventDate "1986.01.??"]
[EventType "team"]
[EventRounds "9"]
[EventCountry "UAE"]
[SourceTitle "EXT 2008"]
[Source "ChessBase"]
[SourceDate "2007.11.25"]
[SourceVersion "1"]
[SourceVersionDate "2007.11.25"]
[SourceQuality "1"]
[WhiteTeam "Pakistan"]
[BlackTeam "Syria"]
[WhiteTeamCountry "PAK"]
[BlackTeamCountry "SYR"]

1. e4 d6 2. d4 Nf6 3. f3 g6 4. c4 Bg7 5. Nc3 c6 6. Be3 a6 7. Bd3 Nbd7 8. Nge2 b5 9. Qd2 0-0 10. 0-0 e5 11. a4 b4 12. Nd1 a5 13. Nf2 Qe7 14. Rad1 Bb7 15. f4 exf4 16. Bxf4 c5 17. d5 Ne5 18. Bg5 Qe8 19. h3 Qxa4 20. Ng3 Qe8 21. Qf4 Nfd7 22. Bh6 Qe7 23. Bxg7 Kxg7 24. Ng4 Nxg4 25. Qxg4 Kh8 26. Rd2 Ne5 27. Qf4 a4 28. Qh6 Ba6 29. Rc1 Bc8 30. Bf1 Bd7 31. Rf2 f6 32. Qd2 Kg7 33. Bd3 a3 34. b3 Nxd3 35. Qxd3 Qe5 36. Re2 Rae8 37. Rce1 h5 38. Ra2 Ra8 39. Ree2 Rfe8 40. Nf1 Qd4+ 41. Qxd4 cxd4 42. Nd2 f5 43. Kf2 Re7 44. c5 dxc5 45. e5 Bb5 46. Re1 Rae8 47. Nf3 Rd7 48. d6 Bc6 49. Rc2 Bxf3 50. gxf3 Rc8 51. Rec1 Kf7 52. f4 Ra7 53. Rxc5 Rxc5 54. Rxc5 Ke6 55. Rc1 g5 56. fxg5 Kxe5 57. Rc7 Ra8 58. d7 Rd8 59. Rb7 Ke6 60. Rxb4 Rxd7 61. Ra4 d3 62. Ke1 Rg7 63. Rxa3 Rxg5 64. Ra4 Ke5 65. Kd2 Rg2+ 66. Kxd3 Rg3+ 67. Ke2 Rxh3 68. Rb4 Kf6 69. Kf2 Kg5 70. Rb8 Rc3 71. b4 Kg4 72. Rg8+ Kf4 73. Rh8 Rc2+ 74. Kg1 Kg3 75. Rg8+ Kf3 76. Rh8 Kg3 77. Rg8+ Kf3 78. Rh8 Kg4 79. Rg8+ Kf3 80. Rh8 Rc1+ 81. Kh2 f4 82. Rxh5 Rb1 83. Rh3+ Kf2 84. Ra3 Rb2 85. Ra8 1/2-1/2

[Event "Asia-chT fin 05th"]
[Site "New Delhi"]
[Date "1983.10.29"]
[Round "9"]
[White "Khan, Mohd Omer"]
[Black "Thipsay, Praveen Mahadeo"]
[Result "1/2-1/2"]
[WhiteElo "2335"]
[BlackElo "2385"]
[PlyCount "64"]
[EventDate "1983.10.19"]
[EventType "team"]
[EventRounds "9"]
[EventCountry "IND"]
[SourceTitle "EXT 2008"]
[Source "ChessBase"]
[SourceDate "2007.11.25"]
[SourceVersion "1"]
[SourceVersionDate "2007.11.25"]
[SourceQuality "1"]
[WhiteTeam "Pakistan"]
[BlackTeam "India"]
[WhiteTeamCountry "PAK"]
[BlackTeamCountry "IND"]

1. e4 e5 2. Nf3 Nc6 3. Bb5 a6 4. Ba4 Nf6 5. 0-0 Nxe4 6. d4 b5 7. Bb3 d5 8. dxe5 Be6 9. Nbd2 Nc5 10. c3 d4 11. Bxe6 Nxe6 12. cxd4 Ncxd4 13. Ne4 Be7 14. Nd6+ cxd6 15. Nxd4 Nxd4 16. Qxd4 dxe5 17. Qxe5 0-0 18. Qe2 Re8 19. Rd1 Bd6 20. Be3 Qf6 21. Rac1 Bf4 22. Rc3 Bxe3 23. Rxe3 Rxe3 24. Qxe3 Qxb2 25. Qa7 Re8 26. Qxa6 g6 27. g3 Kg7 28. a3 h5 29. h4 Re6 30. Qa7 Re4 31. Qc5 Rc4 32. Qe7 Rc1 1/2-1/2

[Event "Asia-chT fin 05th"]
[Site "New Delhi"]
[Date "1983.10.27"]
[Round "8"]
[White "Li, Zunian"]
[Black "Khan, Mohd Omer"]
[Result "0-1"]
[WhiteElo "2415"]
[BlackElo "2335"]
[PlyCount "112"]
[EventDate "1983.10.19"]
[EventType "team"]
[EventRounds "9"]
[EventCountry "IND"]
[SourceTitle "EXT 2008"]
[Source "ChessBase"]
[SourceDate "2007.11.25"]
[SourceVersion "1"]
[SourceVersionDate "2007.11.25"]
[SourceQuality "1"]
[WhiteTeam "China"]
[BlackTeam "Pakistan"]
[WhiteTeamCountry "CHN"]
[BlackTeamCountry "PAK"]

1. d4 Nf6 2. c4 e6 3. Nf3 c5 4. d5 exd5 5. cxd5 d6 6. Nc3 g6 7. g3 Bg7 8. Bg2 0-0 9. 0-0 Re8 10. h3 a6 11. a4 b6 12. Re1 Ra7 13. Nd2 Nbd7 14. Nc4 Ne5 15. Nxe5 Rxe5 16. e4 Re8 17. Be3 Nd7 18. f4 f5 19. exf5 gxf5 20. Bf2 Rxe1+ 21. Qxe1 Nf6 22. Qd2 Re7 23. Kh2 Qe8 24. Re1 Rxe1 25. Qxe1 Qxe1 26. Bxe1 Ne8 27. Bf3 Nc7 28. g4 Bb7 29. Bh4 Bxc3 30. bxc3 Bxd5 31. Be2 b5 32. axb5 Nxb5 33. Bxb5 axb5 34. Be7 b4 35. cxb4 cxb4 36. Bxd6 b3 37. Be5 Be4 38. Kg3 Kf7 39. Bb2 Bc2 40. h4 Ke6 41. h5 fxg4 42. Kxg4 h6 43. Bg7 Bd1+ 44. Kh4 Kf5 45. Be5 Bf3 46. Bg7 Ke4 47. Be5 Kd3 48. f5 Kc2 49. f6 Bd5 50. Kg4 Bf7 51. Kf5 b2 52. Bxb2 Kxb2 53. Ke5 Bxh5 54. Ke6 Bg6 55. Ke7 h5 56. Ke6 h4 0-1

[Event "Olympiad-25"]
[Site "Luzern"]
[Date "1982.11.06"]
[Round "7"]
[White "Rodas Martini, Pablo"]
[Black "Khan, Mohd Omer"]
[Result "1-0"]
[WhiteElo "2300"]
[BlackElo "2350"]
[PlyCount "69"]
[EventDate "1982.10.30"]
[EventType "team-swiss"]
[EventRounds "14"]
[EventCountry "SUI"]
[SourceTitle "EXT 1997"]
[Source "ChessBase"]
[SourceDate "1996.11.15"]
[SourceVersion "1"]
[SourceVersionDate "1996.11.15"]
[SourceQuality "1"]
[WhiteTeam "Guatemala"]
[BlackTeam "Pakistan"]
[WhiteTeamCountry "GUA"]
[BlackTeamCountry "PAK"]

1. d4 d5 2. c4 e6 3. Nc3 Nf6 4. Bf4 c6 5. e3 Be7 6. Qc2 Nbd7 7. Nf3 dxc4 8. Bxc4 Nb6 9. Bb3 Nbd5 10. Bg3 Bd7 11. 0-0 0-0 12. e4 Nb4 13. Qd2 Rc8 14. a3 Na6 15. Rad1 Re8 16. Ne5 b5 17. f4 b4 18. axb4 Bxb4 19. Qd3 Nb8 20. f5 Re7 21. Nxd7 Nbxd7 22. e5 Nd5 23. fxe6 fxe6 24. Nxd5 exd5 25. Bh4 Qb6 26. Bxe7 Bxe7 27. Kh1 Nf8 28. Qf3 Ng6 29. Bc2 Rf8 30. Qh3 Re8 31. Bxg6 hxg6 32. Qg4 g5 33. Qh5 Rf8 34. Rxf8+ Bxf8 35. Rf1 1-0

[Event "Olympiad-25"]
[Site "Luzern"]
[Date "1982.11.02"]
[Round "4"]
[White "Sinprayoon, Pricha"]
[Black "Khan, Mohd Omer"]
[Result "1-0"]
[WhiteElo "2310"]
[BlackElo "2350"]
[PlyCount "105"]
[EventDate "1982.10.30"]
[EventType "team-swiss"]
[EventRounds "14"]
[EventCountry "SUI"]
[SourceTitle "EXT 1997"]
[Source "ChessBase"]
[SourceDate "1996.11.15"]
[SourceVersion "1"]
[SourceVersionDate "1996.11.15"]
[SourceQuality "1"]
[WhiteTeam "Thailand"]
[BlackTeam "Pakistan"]
[WhiteTeamCountry "THA"]
[BlackTeamCountry "PAK"]

1. e4 e5 2. Nf3 Nc6 3. Bb5 a6 4. Ba4 Nf6 5. 0-0 Be7 6. Re1 b5 7. Bb3 d6 8. c3 0-0 9. h3 Na5 10. Bc2 c5 11. d4 Qc7 12. Nbd2 cxd4 13. cxd4 Nc6 14. d5 Nb4 15. Bb1 a5 16. Nf1 Bd7 17. a3 Na6 18. Be3 Rfc8 19. Ng3 b4 20. Bd3 Qb8 21. Qe2 Nc5 22. Bxc5 dxc5 23. Nd2 g6 24. a4 Ne8 25. b3 Nd6 26. Nc4 Nxc4 27. Bxc4 Kg7 28. Nf1 Bd6 29. Ne3 Rf8 30. Bb5 Bc8 31. Nc4 f6 32. Rac1 Bb7 33. Nb6 Qc7 34. Nxa8 Rxa8 35. Rc2 Qb6 36. Qg4 Rd8 37. h4 Bc8 38. Qd1 h5 39. Re3 Qc7 40. Rg3 Kh7 41. Be2 Qf7 42. Re3 f5 43. exf5 Bxf5 44. Rc4 e4 45. Rcxe4 Bxe4 46. Rxe4 Bf8 47. Bc4 Qf5 48. Qe2 Rd7 49. g3 Bh6 50. Re7+ Bg7 51. d6 Kh8 52. Kg2 Bf6 53. Re8+ 1-0

[Event "Olympiad-25"]
[Site "Luzern"]
[Date "1982.10.30"]
[Round "1"]
[White "Khan, Mohd Omer"]
[Black "Huebner, Robert"]
[Result "0-1"]
[WhiteElo "2350"]
[BlackElo "2630"]
[PlyCount "58"]
[EventDate "1982.10.30"]
[EventType "team-swiss"]
[EventRounds "14"]
[EventCountry "SUI"]
[SourceTitle "EXT 1997"]
[Source "ChessBase"]
[SourceDate "1996.11.15"]
[SourceVersion "1"]
[SourceVersionDate "1996.11.15"]
[SourceQuality "1"]
[WhiteTeam "Pakistan"]
[BlackTeam "Germany"]
[WhiteTeamCountry "PAK"]
[BlackTeamCountry "GER"]

1. e4 Nf6 2. Nc3 e5 3. Nf3 Nc6 4. d4 exd4 5. Nxd4 Bb4 6. Nxc6 bxc6 7. Bd3 d5 8. exd5 cxd5 9. Qe2+ Be7 10. 0-0 0-0 11. b3 Bg4 12. f3 Bc5+ 13. Kh1 Re8 14. Qd1 Be6 15. Na4 Bd6 16. Bb5 Rf8 17. Bg5 Rb8 18. Bd3 c5 19. c3 h6 20. Bh4 Bd7 21. Nb2 Be5 22. Rc1 Qa5 23. Bb1 Rfd8 24. Qc2 g5 25. f4 Bxc3 26. fxg5 Ne4 27. gxh6 Rf8 28. h7+ Kg7 29. Nc4 Qa6 0-1